| 000 | 01186cam a22003014a 4500 | ||
|---|---|---|---|
| 001 | 12462489 | ||
| 003 | ARRUPE | ||
| 005 | 20211014091710.0 | ||
| 008 | 010706s2001 nyuab b 001 0 eng | ||
| 010 | _a 2001036562 | ||
| 020 | _a0465044255 (alk. paper) | ||
| 020 | _a0465044263 (pbk. : alk. paper) | ||
| 040 |
_aDLC _cDLC _dDLC |
||
| 042 | _apcc | ||
| 050 | 0 | 0 |
_aQH366.2 _b.M3933 2001 |
| 082 | 0 | 0 |
_a576.8 _221 |
| 100 | 1 |
_aMayr, Ernst, _d1904-2005. _950451 |
|
| 245 | 1 | 0 |
_aWhat evolution is / _cErnst Mayr. |
| 260 |
_aNew York : _bBasic Books, _cc2001. |
||
| 300 |
_axv, 318 p. : _bill., maps ; _c21 cm. |
||
| 504 | _aIncludes bibliographical references (p. [293]-303) and index. | ||
| 650 | 0 |
_aEvolution (Biology) _910545 |
|
| 856 | 4 | 2 |
_3Contributor biographical information _uhttp://www.loc.gov/catdir/enhancements/fy0831/2001036562-b.html |
| 856 | 4 | 2 |
_3Publisher description _uhttp://www.loc.gov/catdir/enhancements/fy0831/2001036562-d.html |
| 906 |
_a7 _bcbc _corignew _d1 _eocip _f20 _gy-gencatlg |
||
| 942 |
_2lcc _cMONOGRAPH |
||
| 999 |
_c130822 _d130822 |
||